Dessins animés de la génération X n°1 - Statistiques

Statistiques générales
  • Ce quiz a été pris 171 fois
  • Le résultat moyen est 7 sur 16
Statistiques - réponses
Par images Réponse % Correct
Les Bisounours
93%
Goldorak
81%
Bouba
74%
Princesse Sarah
70%
Capitaine Flam
61%
Sherlock Holmes
49%
Cobra
46%
Lady Oscar
37%
Astro le petit robot
29%
Le Collège fou, fou, fou
27%
Les mondes engloutis
22%
Clémentine
20%
Jayce et les Conquérants de la lumière
19%
Galaxy Express 999
9%
Demetan
7%
Tchaou et Grodo
5%
Aucun quiz correspondant
Distribution des résultats
% des personnes avec chaque résultat
Percentile par nombre de réponses
Votre historique - résultats
Vous n’avez pas pris ce quiz